| 000 | 00539nam a2200181Ia 4500 | ||
|---|---|---|---|
| 999 |
_c32379 _d32379 |
||
| 003 | OSt | ||
| 005 | 20200804100329.0 | ||
| 008 | 190216s9999||||xx |||||||||||||| ||und|| | ||
| 020 | _a9780070616080 | ||
| 040 | _coclc | ||
| 082 |
_a511.5 _bCHA/I |
||
| 100 |
_aChartrand, Gary _93925 |
||
| 245 | 0 |
_aIntroduction To Graph Theory / _cGary Chartrand ; Ping Zhang |
|
| 260 |
_bTata Mcgrawhill Publishers, _c2009. _aNew Delhi: |
||
| 300 | _a449p | ||
| 650 | _aMathematics | ||
| 942 |
_cBK _2ddc _h511.5 _iCHA/I _k511.5 _mCHA/I |
||